The return /

Bibliographic Details
Main Author: Turner, Frederick, 1943-
Format: Book
Language:English
Published: Woodstock, Vt. : Countryman Press, 1981

MARC

Tag First Indicator Second Indicator Subfields
LEADER 00000cam a22000008a 4500
001 in00000077137
005 20151008060539.0
008 810824c19811979vtu 00010 eng
010 |a  81012545  
020 |a 0914378767 :  |c $11.95 
020 |a 0914378759 (pbk.) :  |c $6.95 
035 |a (OCoLC)07774056 
035 |9 AAJ6002AM 
039 0 |a 2  |b 3  |c 3  |d 3  |e 3 
040 |a DLC  |c DLC  |d TXA  |d UtOrBLW 
049 |a TXAM  |c [952089] 
050 0 0 |a PS3570.U69  |b R4 
082 0 |a 811/.54  |2 19 
090 |a PS3570.U69  |b R4 1981 
100 1 |a Turner, Frederick,  |d 1943- 
245 1 4 |a The return /  |c Frederick Turner ; preface by George Steiner. 
263 |a 8110 
264 1 |a Woodstock, Vt. :  |b Countryman Press,  |c 1981 
264 4 |c ©1979 
300 |a vi, 40 pages ;  |c 24 cm. 
336 |a text  |b txt  |2 rdacontent 
337 |a unmediated  |b n  |2 rdamedia 
338 |a volume  |b nc  |2 rdacarrier 
500 |a Poem. 
999 |a MARS 
999 f f |s c5beaaa6-915c-3754-afe8-faed9b12cadf  |i e228b238-4355-3959-93d0-37b65ad33885  |t 0 
952 f f |p ric  |a Texas A&M University  |b Rellis Campus  |c Joint Library Facility  |d Remote Storage  |t 0  |e PS3570.U69 R4 1981  |h Library of Congress classification  |i unmediated -- volume  |m A14806193581 
998 f f |a PS3570.U69 R4 1981  |t 0  |l Remote Storage